000 00448nam a22001817a 4500
999 _c7857
_d7855
005 20220120130643.0
008 220120b ||||| |||| 00| 0 eng d
020 _a978-81-7739-576-1
041 _aeng
082 _a612
100 _aJAIN, A.K
_96972
245 _aQA. PHYSIOLOGY:complete guide to crack your physiology exam
250 _a2nd, ed.
260 _aNEW DELHU
_bAPC COMPANY
300 _a170;p
650 _aBPT
_96963
942 _cBK